000 00446nam a22001697a 4500
003 NUST - PNEC
005 20170116181102.0
008 151003b xxu||||| |||| 00| 0 eng d
020 _a-
040 _cLIBRARY
082 _a621.8 TRU
100 _912425
_aTruxal, John G.
245 _aAutomatic feedback control system synthesis
_cJohn G. Truxal
260 _cc.1955
650 _912429
_aFeedback control systems
_xEE, EL
942 _2ddc
_cBK
999 _c68793
_d68793